01887nam a2200349Ia 450000500170000000800410001702000150005810000380007324500840011125000190019530000270021449000250024160000460026665000390031265000430035165000480039494200150044226400300045733600270048733700330051433800280054704000350057508400110061099900150062195201280063695201290076495201290089395201290102295201280115195201290127995201290140820220317001222.0160825s2003 ck g 000 0 spa  a95870603691 aZalamea Borda, Eduardod1907-196410a4 años a bordo de mí mismobdiario de los 5 sentidoscEduardo Zalamea Borda a1a. edición  a307 páginas c21 cm  aBiblioteca el tiempo14aZalamea Borda, Eduardo d1907-1963967767142LEMBaNovela colombiana ySiglo XX142LEMBaLiteratura colombiana ySiglo XX142LEMB aRelatos personales en la literatura  2loccBKLIT aBogotábEl Tiempoc2003 atextobtxt2rdacontent asin mediaciónbn2rdamedia avolumenbnc2rdacarrier aCO-BoRNBPbspaerdacCO-BoRNBP aN ZAL2 c6281d6281 00102ddc40708GENaMEDORADObMEDORADOcLITd2023-02-22l0oNZAL2pDOR01832r2023-02-22 00:00:00tEj.1w2023-02-22yBKLIT 00102ddc40708GENaMESMARTIbMESMARTIcLITd2023-06-08l0oN ZAL2pSM001697r2023-06-08 00:00:00tEj.1w2023-06-08yBKLIT 00102ddc40708GENaMECABUYAbMECABUYAcLITd2023-07-06l0oNZAL2pCAB000521r2023-07-06 00:00:00tEj.1w2023-07-06yBKLIT 00102ddc40708GENaMEBAUPIAbMEBAUPIAcLITd2023-09-20l0oN ZAL2pBUP00498r2023-09-20 15:39:59tEj.1w2023-09-20yBKLIT 00102ddc40708GENaMECUMARAbMECUMARAcLITd2024-07-10l0oNZAL2pCUM00935r2024-07-10 09:38:21tEj.1w2024-07-10yBKLIT 00102ddc40708GENaMEPLOPEZbMEPLOPEZcGENd2025-09-26l0oN ZAL2pPLZ04080r2025-09-26 20:43:15tEj.1w2025-09-26yBKLIT 00102lcc40708012aMESJUANIbMESJUANIcLITd2026-03-06l0oN ZAL2pSJU02876r2026-03-06 22:25:50tEj.1w2026-03-06yBKLIT